Представление документа в формате MARC21

Поле Инд. ПП Название Значение
Тип записи a
Библиографический уровень b
001 Контрольный номер RU/IS/BASE/465908937
005 Дата корректировки 20200526192458.3
008 Кодируемые данные 20141006
040 b Код языка каталог. rus
e Правила каталог. PSBO
041 0_ a Код языка текста rus
084 a Индекс другой классификации/Индекс ББК 87.443.2; 87.25
100 1_ a Автор Финн В. К.
q Полное имя Финн Виктор Костантинович
245 10 a Заглавие Эпистемологические принципы порождения гипотез
504 a Библиография Библиогр.: с. 95
520 0_ a Аннотация В статье формулируются основные принципы и логические средства ДСМ-метода автоматического происхождения гипотез, содержащего ДСМ-рассуждения. В статье демонстрируется, что ДСМ-рассуждения являются синтезом трёх познавательных процедур - индукции, аналогии и абдукции. Рассматриваются два возможных вида абдукции. Показано, как формальные средства могут быть использованы для решения естественно-научной проблемы индукции
650 a Основная рубрика логика
a Основная рубрика философия науки
a Основная рубрика философские науки
653 a Ключевые слова абдукция
a Ключевые слова аналогия
a Ключевые слова ДСМ-метод автоматического порождения гипотез
a Ключевые слова ДСМ-рассуждения
a Ключевые слова индукция
a Ключевые слова интеллектуальные системы
a Ключевые слова познавательные процессы
a Ключевые слова проблема индукции
a Ключевые слова рассуждения
a Ключевые слова эпистемология
773 08 t Заглавие источника Вопросы философии
d Дата издания источника 2014
g Прочая информация № 2. - С. 74 - 82
w Контрольный № источника RU/IS/BASE/447182063
901 t Тип документа b